000 00647nam a2200181Ia 4500
008 100921s9999 xx 000 0 und d
082 _b42763
_a891.468 न 08
100 _aजोंधळे महावीर.
245 _aनिरंग जांभूळ.
260 _bस्पर्श प्रकाशन, पुणे.
_c2008
300 _a99
_bजयेश एजन्सी,पुणे.
365 _b90
520 _aललित-संकीर्ण.
630 _aनिरंग जांभूळ.
650 _aललित-संकीर्ण.
730 _aनिरंग जांभूळ.
942 _cBOOK
999 _c791876
_d791873